| 000 | 00995pam a2200301 a 4500 | ||
|---|---|---|---|
| 999 |
_c640 _d640 |
||
| 001 | 2996528 | ||
| 003 | OSt | ||
| 005 | 20191011102312.0 | ||
| 008 | 930129s1994 paua b 001 0 eng c | ||
| 010 | _a 93020237 | ||
| 020 | _a 9780683062052 | ||
| 020 | _a0683062050 | ||
| 040 |
_aDNLM/DLC _cDLC _dDLC |
||
| 050 | 0 | 0 |
_aQP518.3 _b.D38 1994 |
| 060 | _aQU 18 D253b 1993 | ||
| 082 | 0 | 0 |
_aQU 18 D285b 1993 _220 |
| 100 | 1 |
_aDavidson, Victor L.Donald B. Sittman. _91682 |
|
| 245 | 1 | 0 | _aBiochemistry |
| 250 | _a3rd ed. | ||
| 260 |
_aPhiladelphia : _bHarwal Pub., _cc1994. |
||
| 300 |
_axv, 584 p. : _bill. ; _c26 cm. |
||
| 440 | 4 |
_aThe National medical series for independent study _91246 |
|
| 504 | _aIncludes bibliographical references and index. | ||
| 650 | 0 |
_aBiochemistry MCQs _91683 |
|
| 906 |
_a7 _bcbc _corignew _d1 _eocip _f19 _gy-gencatlg |
||
| 942 |
_2z _cSLOAN |
||